000 00575nam a2200229Ia 4500
005 20231129115230.0
008 131103s9999 xx 000 0 und d
020 _a8178801043
_cRs 600
040 _aLoreto College
041 _aEnglish
082 _a396
_bROY
100 _aRoy, Ashine
245 _aWomen in Power and Decision Making
_cAshine Roy
260 _aNew Delhi
_bRajat Publications
_c2003
300 _a312p
504 _aIncludes index
630 _aFeminism
650 _aGender Studies
651 _aWomen Studies
850 _aLCLIB
942 _cBK
999 _c7412
_d57891